01926nab a2200241 i 45000010005000000030009000050050017000140080039000310400008000700410013000780800011000911000118001022450425002202600010006455000021006555200537006766500037012136500041012506500016012917000118013077000123014257730136015483429KOSZ 00520190610114405.0140527s2007 pl f |000 0 pol cBPK apolbeng a621.921 aNADOLNY, Krzysztof.d2006 - .bPolitechnika Koszalińska - Wydział Mechaniczny,cKatedra Inżynierii Produkcji10aModel powstawania naprężeń w warstwie wierzchniej przedmiotu obrobionego w procesie jednoprzejściowego szlifowania otworów ściernicą o strefowo zróżnicowanej budowie = bModel of stresses formation in surface layer of workpiece machined in single-pass internal cylindrical grinding with grinding wheel whose structure is zomally diversified /cKrzysztof Nadolny, Stanisława Plichta, Jarosław Plichta. c2007. aDane z autopsji. aPrzedstawiono wyniki badań stanu naprężeń w warstwie wierzchniej przedmiotów obrobionych w procesie jednoprzejściowego szlifowania otworów ściernicami o strefowo zróżnicowanej budowie. Opisano warunki prowadzonych badań doświadczalnych oraz stanowisko pomiarowe do wyznaczenia naprężeń w warstwie wierzchniej przedmiotów po szlifowaniu metodą Weissmana-Philipsa. Na podstawie zarejestrowanych rozkładów naprężeń opracowano model powstawania naprężeń w tego typu procesie szlifowania. 0aNaprężenia i odkształcenia. 0aSzlifowanie - narzędzia i maszyny. 0aŚciernica1 aPLICHTA, Jarosław.d1996 - .bPolitechnika Koszalińska - Wydział Mechaniczny,cKatedra Inżynierii Produkcji1 aPLICHTA, Stanisława.d1996 - 2005.bPolitechnika Koszalińska - Wydział Mechaniczny,cKatedra Mechaniki Precyzyjnej0 iW :tArchiwum Technologii Maszyn i Automatyzacji = Archives of Mechanical Technology and Automation. -g2007, V. 27, nr 2, s. 25-32